00622nam a2200181Ia 4500008004100000020001500041040001800056041000800074100002600082245007500108260007000183300001800253504003900271650003600310650002600346650004400372650002400416130821s2001 ck gr spa  a9588087597 aCo-BoUCMbspa00aspa aQuintana, Juan José10aDerecho internacional público contemporáneocJuan José Quintana. aBogotá (Colombia)bEdiciones Jurídicas Gustavo Ibañezc2001 a415 páginas aIncluye índice y bibliografía.04aDerecho internacional público04aDerecho internacional04aEspacio aéreo (Derecho internacional)04aTerritorio nacional